Loading...
| Social Science | 0 | 5 | 1 | 1 | 45 | 51 | 98.60 | 1 | 2 | 0.00 | 0.00 |
| Fine Arts - Painting and Sculpture | 0 | 5 | 2 | 0 | 40 | 78 | 104.40 | 0 | 3 | 0.00 | 0.00 |
| Mythology | 0 | 5 | 2 | 0 | 40 | 88 | 115.80 | 1 | 1 | 0.00 | 0.00 |
| History - American | 0 | 4 | 1 | 0 | 35 | 102 | 111.50 | 0 | 1 | 0.00 | 0.00 |
| History - European | 0 | 4 | 2 | 1 | 30 | 51 | 86.25 | 0 | 2 | 0.00 | 0.00 |
| Science - Physics | 0 | 3 | 0 | 1 | 30 | 103 | 110.33 | 0 | 0 | 0.00 | 0.00 |
| Literature - European | 0 | 3 | 1 | 0 | 25 | 102 | 121.67 | 0 | 0 | 0.00 | 0.00 |
| History - Other | 0 | 4 | 3 | 1 | 25 | 63 | 94.75 | 1 | 2 | 0.00 | 0.00 |
| History - World | 0 | 4 | 3 | 1 | 25 | 106 | 117.25 | 0 | 0 | 0.00 | 0.00 |
| Religion | 0 | 3 | 1 | 0 | 25 | 112 | 130.00 | 0 | 1 | 0.00 | 0.00 |
| Fine Arts - Other | 0 | 3 | 2 | 2 | 20 | 123 | 129.33 | 0 | 0 | 0.00 | 0.00 |
| Literature - British | 0 | 2 | 0 | 0 | 20 | 98 | 111.50 | 0 | 1 | 0.00 | 0.00 |
| Literature - American | 0 | 2 | 1 | 2 | 15 | 133 | 145.50 | 0 | 0 | 0.00 | 0.00 |
| Fine Arts - Classical Music | 0 | 3 | 3 | 0 | 15 | 95 | 108.67 | 1 | 2 | 0.00 | 0.00 |
| Science - Biology | 0 | 2 | 1 | 0 | 15 | 64 | 97.50 | 1 | 1 | 0.00 | 0.00 |
| Science - Chemistry | 0 | 2 | 1 | 0 | 15 | 97 | 110.00 | 0 | 0 | 0.00 | 0.00 |
| Current Events | 0 | 1 | 0 | 0 | 10 | 98 | 98.00 | 0 | 0 | 0.00 | 0.00 |
| Science - Other | 0 | 1 | 0 | 0 | 10 | 122 | 122.00 | 0 | 1 | 0.00 | 0.00 |
| Literature - World | 0 | 1 | 0 | 0 | 10 | 131 | 131.00 | 0 | 0 | 0.00 | 0.00 |
| Pop Culture | 0 | 1 | 0 | 0 | 10 | 137 | 137.00 | 0 | 0 | 0.00 | 0.00 |
| Philosophy | 0 | 1 | 0 | 0 | 10 | 130 | 130.00 | 0 | 1 | 0.00 | 0.00 |
| Other Academic | 0 | 1 | 0 | 0 | 10 | 120 | 120.00 | 0 | 0 | 0.00 | 0.00 |
| Geography | 0 | 0 | 1 | 0 | -5 | 0.00 | 0 | 0 | 0.00 | 0.00 |